[Event "Challenge"]
[Site "http://www.queenalice.com/game.php?id=139815"]
[Date "2006.12.11"]
[Round "-"]
[White "mustangdraw"]
[Black "claudiocaire"]
[Result "1-0"]
[WhiteElo "1619"]
[BlackElo "1530"]

1. d4 e6 2. Nc3 Qf6 3. Nf3 c5 4. e4 cxd4 5. Ne2 Bc5 6. e5 Qd8 7. Nexd4 f6 8.
exf6 Qxf6 9. Bg5 Qf8 10. Bd3 h6 11. Be3 Nc6 12. Bg6+ Ke7 13. Nxc6+ dxc6 14.
Bxc5+ Kf6 15. Nh4 Qxc5 16. Qf3+ Ke7 17. Qf7+ Kd6 18. Rd1+ Ke5 19. Nf3# 1-0

[Event "Challenge"]
[Site "http://www.queenalice.com/game.php?id=148711"]
[Date "2007.1.1"]
[Round "-"]
[White "oilman58"]
[Black "mustangdraw"]
[Result "1-0"]
[WhiteElo "1542"]
[BlackElo "1742"]

1. d4 d5 2. c4 c5 3. e3 e6 4. Nf3 Nf6 5. Bd3 Nc6 6. cxd5 Qxd5 7. Nc3 Qd6 8. Bb5
Bd7 9. Qb3 Be7 10. O-O a6 11. Bxc6 Bxc6 12. Ne5 O-O 13. dxc5 Qxc5 14. Nxc6 Qxc6
15. Bd2 b5 16. Rac1 Qd7 17. Rfd1 Qb7 18. e4 Nxe4 19. Nxe4 Qxe4 20. Re1 Qd4 21.
Bc3 Qf4 22. Be5 Qg4 23. h3 Qg6 24. Rc3 f6 25. Bc7 Rac8 26. Qxe6+ Qf7 27. Ba5
Qxe6 28. Rxe6 Rxc3 29. bxc3 b4 30. Rxe7 bxc3 31. Bxc3 Rc8 32. Be1 Rc1 33. Kh2
Rc2 34. a3 Rc4 35. Bb4 Rc6 36. Re3 h5 37. h4 Kh7 38. Kh3 f5 39. f3 g6 40. g4 Rf6
41. Re7+ Kg8 42. gxh5 gxh5 43. Re8+ Kf7 44. Rh8 Kg6 45. Rg8+ Kh7 46. Rg1 Rd6 47.
Bxd6 1-0

[Event "Challenge"]
[Site "http://www.queenalice.com/game.php?id=148712"]
[Date "2007.1.1"]
[Round "-"]
[White "mustangdraw"]
[Black "oilman58"]
[Result "0-1"]
[WhiteElo "1705"]
[BlackElo "1473"]

1. d4 d5 2. Nc3 Nf6 3. Nf3 Bg4 4. Ne5 Bh5 5. h3 Bg6 6. Bg5 Nbd7 7. Qd2 e6 8.
Nxg6 hxg6 9. h4 Qe7 10. e3 Qb4 11. b3 O-O-O 12. Bxf6 Nxf6 13. Bd3 Qa5 14. a4 Bb4
15. O-O Bxc3 16. Qd1 Bxa1 17. Qxa1 Rxh4 18. g3 Rh6 19. Qd1 Rdh8 20. Kg2 Ne4 21.
Rg1 Rh2+ 22. Kf1 Rh1 23. Bxe4 dxe4 24. Qc1 Qf5 25. Qd2 R8h2 26. Qe2 Rxg1+ 27.
Kxg1 Qh3 0-1

[Event "QA-ANNIV-02"]
[Site "http://www.queenalice.com/game.php?id=150532"]
[Date "2007.1.5"]
[Round "5"]
[White "mustangdraw"]
[Black "csadler"]
[Result "0-1"]
[WhiteElo "1725"]
[BlackElo "1762"]

1. d4 c6 2. e4 d5 3. e5 Bf5 4. Nf3 e6 5. Bd3 Bxd3 6. Qxd3 Qa5+ 7. Bd2 Qa6 8.
Qxa6 Nxa6 9. c3 c5 10. Bg5 Be7 11. Nbd2 Bxg5 12. Nxg5 h6 13. Ngf3 Ne7 14. O-O
O-O 15. g4 cxd4 16. cxd4 Nb4 17. a3 Nbc6 18. Nb3 b6 19. h4 Ng6 20. Rae1 Rac8 21.
g5 hxg5 22. Nxg5 Nxh4 23. f4 Nf5 24. Nf3 g6 25. Rf2 Kg7 26. Rh2 Rh8 27. Ree2
Rxh2 28. Rxh2 Rh8 29. Rxh8 Kxh8 30. Kf2 Kg7 31. Ke2 f6 32. Kd3 fxe5 33. dxe5 Ng3
34. Ng5 Nd8 35. Nd2 Nf5 36. a4 Kf8 37. b4 Ke7 38. b5 Nf7 39. Nb3 Nxg5 40. fxg5
Ng3 41. Ke3 Ne4 42. Kf4 Nc3 43. a5 Nxb5 44. axb6 axb6 45. Ke3 Kd7 46. Kd3 Kc6
47. Nd2 Na7 48. Kc3 Kc5 49. Nb3+ Kc6 50. Nd4+ Kd7 51. Ne2 Ke7 52. Nd4 Kf7 53.
Kb4 Ke7 54. Ka4 Kd7 55. Kb4 Nc6+ 56. Kc3 Nxd4 57. Kxd4 Kc6 58. Kc3 Kc5 59. Kd3
d4 60. Kc2 Kd5 0-1

[Event "Challenge"]
[Site "http://www.queenalice.com/game.php?id=151398"]
[Date "2007.1.8"]
[Round "-"]
[White "rosie1940"]
[Black "mustangdraw"]
[Result "0-1"]
[WhiteElo "1700"]
[BlackElo "1697"]

1. c4 e5 2. Nc3 Nf6 3. Nf3 Nc6 4. g3 e4 5. Ng5 h6 6. Ngxe4 Be7 7. Bg2 Nd4 8. e3
Nf5 9. O-O Nxe4 10. Nxe4 c6 11. d4 O-O 12. Bd2 a5 13. c5 b6 14. cxb6 Qxb6 15. b3
Bb4 16. Bxb4 axb4 0-1

[Event "Challenge"]
[Site "http://www.queenalice.com/game.php?id=151399"]
[Date "2007.1.8"]
[Round "-"]
[White "mustangdraw"]
[Black "rosie1940"]
[Result "1-0"]
[WhiteElo "1680"]
[BlackElo "1717"]

1. e4 c5 2. e5 Nc6 3. Nf3 g6 4. Bb5 Bg7 5. Qe2 Qc7 6. Bxc6 dxc6 7. O-O Bg4 8.
Re1 Bxf3 9. Qxf3 e6 10. c3 Bxe5 11. g3 f5 12. d4 cxd4 13. cxd4 Bd6 14. Rxe6+ Ne7
15. Bg5 O-O-O 16. Nd2 1-0

[Event "Challenge"]
[Site "http://www.queenalice.com/game.php?id=154171"]
[Date "2007.1.15"]
[Round "-"]
[White "Torresmo"]
[Black "mustangdraw"]
[Result "0-1"]
[WhiteElo "1582"]
[BlackElo "1718"]

1. e4 e5 2. Nf3 Nc6 3. Bc4 h6 4. c3 d6 5. Qb3 b6 6. Bxf7+ Ke7 7. d3 Nf6 8. Nh4
d5 9. Bg6 Be6 10. Bh5 Bf7 11. Bxf7 Kxf7 12. exd5 Qxd5 13. c4 Qd4 14. Be3 Qxh4
15. O-O Kg8 16. c5+ Kh7 17. Qe6 Nb4 18. g3 Qh5 19. Na3 Nxd3 20. cxb6 cxb6 21.
Qc6 Bxa3 22. Qc3 Bxb2 23. Qxd3+ Qg6 24. Rad1 Qxd3 25. Rxd3 Rhd8 26. Rb3 Bd4 27.
Bc1 Rd5 28. Ba3 Ne4 29. Rd3 Bxf2+ 30. Kg2 Rxd3 31. Bb2 Rd2 32. Bc1 Rxa2 33. g4
Be3+ 34. Kh3 Bxc1 35. Rxc1 Rf8 36. Kh4 Rxh2# 0-1

[Event "My american' friend"]
[Site "http://www.queenalice.com/game.php?id=154172"]
[Date "2007.1.15"]
[Round "-"]
[White "paulorobinsonben"]
[Black "mustangdraw"]
[Result "1-0"]
[WhiteElo "1728"]
[BlackElo "1718"]

1. Nf3 Nf6 2. g3 d5 3. Bg2 Nc6 4. d4 Bg4 5. Nc3 e6 6. Bf4 Bxf3 7. Bxf3 Bb4 8.
Qd3 Bxc3+ 9. Qxc3 O-O 10. O-O a5 11. a4 Qd7 12. Bg5 Ne8 13. e4 h6 14. exd5 exd5
15. Bf4 Nf6 16. Rfe1 b6 17. b3 Rfe8 18. Rxe8+ Rxe8 19. Re1 Rxe1+ 20. Qxe1 Nxd4
21. Bd1 c6 22. Be5 Qe6 23. Kf1 Ng4 24. f4 Nxh2+ 25. Kg2 Ng4 26. Bxg4 Nxc2 27.
Qe2 Qxg4 28. Qxg4 Ne3+ 29. Kf3 Nxg4 30. Kxg4 b5 31. Bc7 c5 32. Bxa5 c4 33. axb5
d4 34. bxc4 1-0

[Event "My american' friend II"]
[Site "http://www.queenalice.com/game.php?id=154173"]
[Date "2007.1.15"]
[Round "-"]
[White "mustangdraw"]
[Black "paulorobinsonben"]
[Result "1-0"]
[WhiteElo "1702"]
[BlackElo "1744"]

1. d4 d5 2. Nc3 g6 3. e4 c6 4. e5 Bf5 5. Bd3 Bxd3 6. Qxd3 f6 7. Nf3 Bg7 8. Bf4
fxe5 9. dxe5 e6 10. Bg5 Ne7 11. Qd4 h6 12. Bxe7 Qxe7 13. Nh4 Qg5 14. Nf3 Qxg2
15. Ke2 Qg4 16. Qxg4 g5 17. Qxe6+ Kf8 18. Qc8+ Ke7 19. Qxb7+ Nd7 20. Qxc6 Nxe5
21. Nxe5 Bxe5 22. Nxd5+ Kf7 23. Qd7+ Kg6 24. Qe6+ Kh5 25. Kf1 Bxb2 26. Re1 Rhf8
27. Qh3+ Kg6 28. Re6+ Bf6 29. Qd3+ Kg7 30. Nxf6 Rxf6 31. Re7+ Rf7 32. Qd4+ Kg8
33. Rxf7 Kxf7 34. Qd5+ 1-0

[Event "Challenge"]
[Site "http://www.queenalice.com/game.php?id=157134"]
[Date "2007.1.21"]
[Round "-"]
[White "mustangdraw"]
[Black "oilman58"]
[Result "1-0"]
[WhiteElo "1715"]
[BlackElo "1554"]

1. e4 e5 2. Nf3 Nc6 3. Bb5 a6 4. Bxc6 bxc6 5. d3 d6 6. Nc3 Bg4 7. h3 Bh5 8. g4
Bg6 9. h4 h6 10. h5 Bh7 11. g5 g6 12. hxg6 Bxg6 13. Be3 Be7 14. Qd2 h5 15. O-O-O
d5 16. d4 Bb4 17. Nxe5 Ne7 18. Nxg6 Nxg6 19. e5 Nf8 20. a3 Bxc3 21. Qxc3 Kd7 22.
f4 a5 23. f5 Ra6 24. f6 Qb8 25. a4 Ne6 26. Rh4 Ng7 27. fxg7 Rh7 28. Qc5 Qg8 29.
Rf1 Qxg7 30. Rf6 Qg8 31. g6 fxg6 32. Bg5 Qb8 33. e6+ Kc8 34. Rf8+ Kb7 35. Rxb8+
Kxb8 36. Qf8+ Kb7 37. Qg8 1-0

[Event "Challenge"]
[Site "http://www.queenalice.com/game.php?id=157936"]
[Date "2007.1.23"]
[Round "-"]
[White "mustangmike"]
[Black "mustangdraw"]
[Result "0-1"]
[WhiteElo "1665"]
[BlackElo "1726"]

1. e4 e5 2. Nf3 Nc6 3. Nc3 Bb4 4. Nd5 Nf6 5. Nxb4 Nxb4 6. Nxe5 Qe7 7. Nd3 Qxe4+
8. Be2 Nxd3+ 9. cxd3 Qxg2 10. Bf3 Qg5 11. d4 O-O 12. d3 Qa5+ 13. Kf1 c6 14. Bd2
Qc7 15. Qc1 d5 16. Rg1 Kh8 17. Rh1 Bh3+ 18. Bg2 Bxg2+ 19. Kxg2 h6 20. f3 Rae8
21. Qd1 Re6 22. Re1 Rfe8 23. Rxe6 Rxe6 24. Qf1 g5 25. Rc1 Qe7 26. Kh1 Re2 27.
Re1 Rxe1 28. Bxe1 Nh5 29. Bd2 f5 30. Qf2 f4 31. a3 b6 32. Bb4 Qe6 33. Qc2 a5 34.
Bc3 Qe3 35. Qd1 Ng7 36. Qf1 Nf5 37. Qd1 Nxd4 38. Bxd4+ Qxd4 39. Qc2 c5 40. Qe2
Qe3 41. Qd1 b5 42. Qf1 c4 43. dxc4 dxc4 44. h4 g4 45. fxg4 Qe4+ 46. Kg1 f3 47.
Qf2 Qxg4+ 48. Kh1 Qh3+ 49. Kg1 Qg2+ 50. Qxg2 fxg2 51. Kxg2 Kg7 52. Kg3 Kg6 53.
Kg4 b4 54. Kf3 c3 0-1

[Event "Challenge"]
[Site "http://www.queenalice.com/game.php?id=157958"]
[Date "2007.1.23"]
[Round "-"]
[White "jdieguezgrm"]
[Black "mustangdraw"]
[Result "1/2-1/2"]
[WhiteElo "1667"]
[BlackElo "1740"]

1. c4 c5 2. Nc3 Nf6 3. Nf3 Nc6 4. e4 e5 5. d3 a6 6. Bg5 h6 7. Bh4 d6 8. Nd5 g5
9. Bg3 Nh5 10. Be2 Nxg3 11. fxg3 g4 12. Nh4 h5 13. O-O Be6 14. Nf5 Bxd5 15. exd5
Ne7 16. Nxe7 Bxe7 17. Qa4+ Qd7 18. Qxd7+ Kxd7 19. Rxf7 Raf8 20. Raf1 Rxf7 21.
Rxf7 Rh6 22. Rf5 b5 23. h3 gxh3 24. Rxh5 Rxh5 25. Bxh5 hxg2 26. Kxg2 b4 27. b3
Bg5 28. Kf3 Ke7 29. Bg4 Kf6 30. Ke4 Bh6 31. Be6 Bd2 32. Kf3 Kg5 33. g4 a5 34.
Ke4 Bf4 35. Bf5 Bh2 36. Be6 1/2-1/2

[Event "Challenge"]
[Site "http://www.queenalice.com/game.php?id=175232"]
[Date "2007.2.28"]
[Round "-"]
[White "mustangdraw"]
[Black "paulorobinsonben"]
[Result "0-1"]
[WhiteElo "1720"]
[BlackElo "1728"]

1. e4 e5 2. Nf3 d6 3. Bb5+ Bd7 4. Bxd7+ Qxd7 5. d3 Nc6 6. O-O g6 7. c3 Bg7 8.
Be3 Nf6 9. h3 O-O 10. Nbd2 d5 11. exd5 Qxd5 12. d4 exd4 13. Nxd4 Nxd4 14. Bxd4
c5 15. Be3 b6 16. Nf3 Rad8 17. Qc1 Rfe8 18. Bh6 Re2 19. Bxg7 Kxg7 20. c4 Qf5 21.
b3 Ne4 22. g4 Qxf3 23. Kh2 Nxf2 0-1

[Event "Challenge"]
[Site "http://www.queenalice.com/game.php?id=175233"]
[Date "2007.2.28"]
[Round "-"]
[White "mustangdraw"]
[Black "oilman58"]
[Result "0-1"]
[WhiteElo "1729"]
[BlackElo "1595"]

1. e4 e5 2. Nf3 d6 3. Bb5+ Bd7 4. Bxd7+ Qxd7 5. d3 Nf6 6. Bg5 Be7 7. Bxf6 Bxf6
8. O-O O-O 9. Nc3 Nc6 10. Nd5 Qd8 11. c4 Ne7 12. Nxf6+ gxf6 13. Nh4 Kh8 14. f4
Ng6 15. Nxg6+ fxg6 16. Rf3 f5 17. Qe2 c6 18. b4 Qb6+ 19. c5 Qxb4 20. cxd6 Qxd6
21. Raf1 fxe4 22. dxe4 Rxf4 23. Qb2 Rxf3 24. Rxf3 Qd4+ 25. Qxd4 exd4 26. Kf2 Re8
27. Rf4 c5 28. h4 Kg7 29. Ke2 Rf8 30. Rg4 c4 31. Rg3 Rf4 32. h5 Rxe4+ 33. Kd2
c3+ 34. Kd1 b5 35. a3 a5 36. hxg6 hxg6 37. Rg5 d3 38. Rxb5 c2+ 39. Kd2 Re2+ 0-1

[Event "Challenge"]
[Site "http://www.queenalice.com/game.php?id=175234"]
[Date "2007.2.28"]
[Round "-"]
[White "oilman58"]
[Black "mustangdraw"]
[Result "0-1"]
[WhiteElo "1582"]
[BlackElo "1678"]

1. g3 d5 2. Bg2 e5 3. d3 c6 4. e4 d4 5. Nf3 f6 6. O-O Bg4 7. b3 a5 8. Na3 b5 9.
Nb1 Bd6 10. Nbd2 Ne7 11. h3 Bxf3 12. Nxf3 b4 13. Nd2 O-O 14. Nf3 Ng6 15. Nh2 c5
16. h4 a4 17. Bd2 a3 18. h5 Ne7 19. Qg4 Kh8 20. Nf3 Qd7 21. Qxd7 Nxd7 22. g4 h6
23. Bh3 Nb6 24. Nh2 Nc6 25. Nf3 Nd8 26. Rfc1 Ne6 27. Nh2 Rg8 28. Kg2 Kh7 29. f3
g6 30. g5 Nxg5 31. Bxg5 fxg5 32. hxg6+ Kxg6 33. Bf5+ Kg7 34. Rh1 h5 35. Kf2 Kf6
36. Nf1 h4 37. Nh2 Nc8 38. Ng4+ Kg7 39. Rag1 Kf8 40. Nf6 Be7 41. Nxg8 Kxg8 42.
Rxh4 Nd6 43. Be6+ Kg7 44. f4 exf4 45. e5 Nb5 46. Rxf4 Rf8 47. Rxf8 Kxf8 48. Ke1
Bd8 49. Rf1+ Ke7 50. Bc4 Nc3 51. Rf7+ Ke8 52. e6 Be7 53. Rf5 Nxa2 54. Bb5+ Kd8
55. Rd5+ Kc8 56. Rd7 Bf8 57. e7 Bxe7 58. Rxe7 Nc3 59. Bc6 Kb8 60. Rg7 a2 61.
Rb7+ Ka8 62. Rb5+ Ka7 63. Ra5+ Kb6 64. Ra8 Kxc6 65. Kd2 Kd6 66. Kc1 Ke5 67. Kb2
Kf4 68. Rf8+ Kg3 69. Rg8 g4 70. Rg7 Kf3 71. Rf7+ Kg2 72. Rg7 g3 73. Rg5 Kf2 74.
Rf5+ Kg1 75. Rg5 g2 76. Rxc5 Nd1+ 77. Kxa2 Kf1 78. Rf5+ Nf2 79. Rg5 g1=Q 80.
Rxg1+ Kxg1 81. Kb2 Kf1 82. Kc1 Ke1 83. Kb2 Kd1 84. Kb1 Ng4 85. Kb2 Ne3 86. c3
dxc3+ 87. Kb1 Kd2 88. d4 c2+ 89. Kb2 Kd3 90. Kc1 Nd5 91. Kb2 Kd2 92. Ka2 Nc3+
93. Kb2 c1=Q# 0-1

[Event "Challenge"]
[Site "http://www.queenalice.com/game.php?id=175235"]
[Date "2007.2.28"]
[Round "-"]
[White "paulorobinsonben"]
[Black "mustangdraw"]
[Result "1-0"]
[WhiteElo "1757"]
[BlackElo "1691"]

1. Nf3 b6 2. d4 d5 3. g3 Nd7 4. Nc3 Ngf6 5. Bf4 h6 6. Nb5 e5 7. dxe5 Nxe5 8.
Bxe5 Bd6 9. Nxd6+ cxd6 10. Bxf6 Qxf6 11. Qxd5 Rb8 12. c3 O-O 13. Bg2 Bb7 14. Qd3
d5 15. O-O Rbd8 16. Rfd1 Rfe8 17. e3 a6 18. Rd2 b5 19. Qd4 Qe6 20. Qa7 Ba8 21.
Rad1 Rd7 22. Qc5 Red8 23. Nd4 Qf6 24. Ne2 Qf5 25. Nf4 Rd6 26. Nxd5 Bxd5 27. Rxd5
Rxd5 28. Rxd5 Qb1+ 29. Bf1 Rxd5 30. Qxd5 Qxb2 31. Qa8+ Kh7 32. Qxa6 Qxc3 33.
Qxb5 g6 34. a4 h5 35. a5 h4 36. a6 hxg3 37. hxg3 f5 38. Qd7+ Kh6 39. a7 Qh8 40.
Qc6 1-0

[Event "QA-ANNIV-02"]
[Site "http://www.queenalice.com/game.php?id=183815"]
[Date "2007.3.17"]
[Round "6"]
[White "oilman58"]
[Black "mustangdraw"]
[Result "0-1"]
[WhiteElo "1616"]
[BlackElo "1708"]

1. Nf3 d5 2. g3 f5 3. Bg2 e6 4. O-O Nc6 5. d4 Bd6 6. Nc3 Bd7 7. Bg5 Nf6 8. Re1
h6 9. Bxf6 Qxf6 10. e3 Ne7 11. Qd2 g5 12. Reb1 Ng6 13. b4 g4 14. Ne1 h5 15. f4
h4 16. Nb5 Bxb5 17. Bf1 Bxf1 18. Kxf1 hxg3 19. Ke2 Rxh2+ 20. Kd1 Rxd2+ 21. Kxd2
O-O-O 22. Nd3 Nh4 23. a4 Nf3+ 24. Kc3 g2 25. Rg1 Nxg1 26. Rxg1 Rh8 27. Rxg2 Rh3
28. Re2 Qh6 29. Nf2 Rh2 30. b5 g3 0-1

[Event "QA-ANNIV-02"]
[Site "http://www.queenalice.com/game.php?id=210943"]
[Date "2007.5.14"]
[Round "7"]
[White "mustangdraw"]
[Black "tewald"]
[Result "0-1"]
[WhiteElo "1704"]
[BlackElo "1770"]

1. e4 e6 2. e5 d5 3. d4 c5 4. c3 Nc6 5. Be2 c4 6. Nf3 g6 7. Bg5 Be7 8. Bxe7
Ngxe7 9. O-O O-O 10. Nbd2 f5 11. a4 a5 12. g3 h6 13. h4 Na7 14. Nh2 Kg7 15. Nhf3
Bd7 16. h5 g5 17. Nh2 f4 18. g4 Qe8 19. b3 cxb3 20. Nxb3 Bxa4 21. f3 b6 22. Bd3
Nb5 23. Bc2 Bxb3 24. Bxb3 Nxc3 25. Qd3 Rc8 26. Rfc1 Qc6 0-1

[Event "Challenge"]
[Site "http://www.queenalice.com/game.php?id=223507"]
[Date "2007.6.11"]
[Round "-"]
[White "mustangdraw"]
[Black "mustangmike"]
[Result "0-1"]
[WhiteElo "1690"]
[BlackElo "1624"]

1. e4 e5 2. d4 exd4 3. c3 dxc3 4. Bc4 Nf6 5. Qd3 cxb2 6. Bxb2 Bb4+ 7. Nc3 O-O 8.
Nf3 Nc6 9. O-O d6 10. Nd5 Be6 11. Nxf6+ gxf6 12. Bb5 Qe7 13. Nh4 Ne5 14. Qg3+
Ng6 15. f4 f5 16. e5 Qxh4 17. Qd3 Nxf4 18. Qc2 d5 19. Rf3 Rfc8 20. Raf1 Ng6 21.
Rh3 Qe7 22. Bd3 Qc5+ 23. Kh1 Qxc2 24. Bxc2 Bc5 25. Bxf5 a5 26. Rff3 Ra6 27. g4
Rb6 28. Bc3 Bb4 29. Bd4 c5 30. Be3 d4 31. Bg5 Re8 0-1